Les places principales des Villes de France - Statistiques

Statistiques générales
  • Ce quiz a été pris 224 fois
  • Le résultat moyen est 7 sur 12
Statistiques - réponses
Hint Réponse % Correct
Vieux-Port Marseille
94%
Place de la Concorde Paris
91%
Place du Capitole Toulouse
78%
Place Bellecour Lyon
69%
Grand Place Lille
62%
Place de la Comédie Montpellier
55%
Place Kléber Strasbourg
55%
Place de la Bourse Bordeaux
52%
Place Masséna Nice
42%
Place du Ralliement Angers
37%
Place Royale Nantes
23%
Place de la République Rennes
18%
Aucun quiz correspondant
Distribution des résultats
% des personnes avec chaque résultat
Percentile par nombre de réponses
Votre historique - résultats
Vous n’avez pas pris ce quiz